000 00824nam a22002297a 4500
003 OSt
005 20250221164152.0
008 230925b ||||| |||| 00| 0 eng d
040 _c0
082 _aDPer 379.1 J826 Winter - Spring 2020 v. 45 n. 3-4
100 _aCohen, Michael I.
_eauthor.
_949135
245 _aColorado /
_cMichael I. Cohen and Thomas L. Morgan.
260 _aUnited States ;
_bUniversity of Illinois Press and Johns Hopkins University Press,
_cWinter 2020.
300 _avolume 45, pages 269-272.
500 _aJournal of Education Finance, v. 45 n. 3, pages 269-272, Winter 2020.
650 _aEducation.
_949136
650 _aBudget.
_949137
650 _aFinance.
_949138
700 _aCohen, Michael I.
_eauthor.
_949135
700 _aMorgan, Thomas L.
_eauthor.
_949143
942 _2ddc
_cPER
999 _c18220
_d18220